000 00385nam a2200145Ia 4500
005 20250311025319.0
008 240331s9999 xx 000 0 und d
082 _bCHA
_a894
100 _aChandrasekaran, V
245 0 _aAlipadum thamilar vilaakkal :
_bpanpaddiyal kadduraikal
260 _aChennai
_bSalaram
_c2004
300 _a168 p .,
650 _aPanpaatiyal Katturai
942 _cL
999 _c3837
_d3837